Nérée Beauchemin: Son oeuvre
Guardado en:
| Hovedforfatter: | |
|---|---|
| Format: | Bog |
| Sprog: | Undetermined |
| Udgivet: |
Montreal, Canadá
Les Presses de L´Universite du Québec
1973
|
| Fag: | |
| Tags: |
Tilføj Tag
Ingen Tags, Vær først til at tagge denne postø!
|
MARC
| LEADER | 00000nam a2200000Ia 4500 | ||
|---|---|---|---|
| 008 | 170316s9999 xx 000 0 und d | ||
| 040 | |a cru BVZT | ||
| 090 | |a 818 G-21.2n | ||
| 100 | |a Guilmette, Armand | ||
| 245 | |a Nérée Beauchemin: Son oeuvre | ||
| 260 | |a Montreal, Canadá | ||
| 260 | |b Les Presses de L´Universite du Québec | ||
| 260 | |c 1973 | ||
| 300 | |a 661 páginas | ||
| 650 | |a LITERATURA CANADIENSE | ||
| 999 | |c 6443 |d 6443 | ||
| 942 | |c 15 D |h 818 G-21.2n |2 z | ||
